O retrato (Registo nº 200835)
[ vista simples ]
| 000 -Etiqueta do registo | |
|---|---|
| Valores | 00532nam 22001813 4500 |
| 100 ## - Dados gerais de processamento | |
| Dados gerais | 20240513d u||y0pory50 ba |
| 200 ## - Titulo e menção de responsabilidade | |
| Título próprio | O retrato |
| Primeira menção de responsabilidade | Fiama Hasse Pais Brandão |
| 210 ## - Publicação | |
| Local de publicação | Lisboa |
| Nome do editor | & etc |
| Data de publicação | 1979 |
| 215 ## - Descrição física | |
| Paginação / Volumes | 28 p. |
| Outras indicações físicas | brochado |
| Dimensões | 16 cm |
| 317 ## - Nota de proveniência | |
| Texto da nota | . - Oferta com dedicatória do escritor ao Prof. Dr. Almeida |
| 606 ## - Nome comum usado como assunto | |
| ID Autoridade | 6 |
| Palavra de ordem | Literatura Portuguesa |
| 675 ## - CDU | |
| Notação | 821.134.3-3 |
| Edição | PT |
| Língua | por |
| 700 ## - Autor principal (pessoa individual) | |
| ID Autoridade | 5338 |
| Apelido | Brandão |
| Nome | Fiama Hasse Pais |
| 801 ## - Fonte de origem | |
| País | PT |
| Agência | BMMN |
| Regras de catalogação | RPC |
| 830 ## - Notas gerais do catalogador | |
| Criado por | Ana |
| Indexado por | Ana |
| 990 ## - Elementos KOHA | |
| Tipo de documento | Livro |
| Situação do levantamento | Biblioteca de origem | Código de barras | Cota | Permissão de empréstimo | Tipo de documento | Nota relativa ao exemplar | Forma de aquisição |
|---|---|---|---|---|---|---|---|
| Biblioteca Municipal de Montemor-o-Novo | 30088 | 821.134.3-3 BRA|SAF | Livro | Acesso condicionado | Oferta |